| 000 | 00779nam a22002057a 4500 | ||
|---|---|---|---|
| 003 | NALT | ||
| 005 | 20251125232922.0 | ||
| 008 | s2523 th tha d | ||
| 040 | _aNALT | ||
| 041 | _atha | ||
| 090 | _aอศ บ415ก 2523 | ||
| 245 | 0 | 0 | _aกลวิธีแก้ทุกข์ [2nd]. |
| 260 |
_aกรุงเทพมหานคร : _bจงเจริญการพิมพ์, _c2523. |
||
| 300 |
_a42 หน้า ; _c26 ซม. |
||
| 600 | 0 | 4 |
_957644 _aบุญจิรา (ชุมพล) จุฑาธุช, _cม.จ. _xประวัติ |
| 850 | _aNALT | ||
| 856 | 4 | 0 | _uhttps://hdl.handle.net/20.500.14156/515055 |
| 942 |
_cCRE _2local |
||
| 998 |
_bSOPAPORN _cDAO _j1020 _k จำเรียง ระวังสำโรง |
||
| 999 |
_c23291 _d23291 |
||